000 02516nam a2200385 a 4500
003 CHAP
005 20230303121054.0
007 ta
008 230210s2018 sp ado|f |||| 001 0 spa d
020 _a978-84-9181-013-1
040 _amxchpua
_cCHAP
_erda
050 1 0 _bRA784
_a.G87 2018
082 0 0 _220
_a613.7
_bG87 2018
100 1 _aGustafson, Niklas
_9186165
245 1 0 _aCambia lo que comes y cambiarás el mundo :
_bthe natural Athlete: más allá de la dieta Paleo /
_cNiklas Gustafson y Octavio Laguía ; colaboradores Oscar Matson...[y otros]
250 _a1a edición
264 _aMadrid :
_bAlianza Editorial,
_c2018
300 _a251 páginas :
_bilustraciones, gráficas, diagramas, fotos
336 _2rdacontent
_atexto
_btxt
337 _2rdamedia
_asin medio
_bn
338 _2rdacarrier
_avolumen
_bnc
520 1 _aNIKLAS GUSTAFSON, experto en Dietética y Nutrición Humana por la Universidad de Cádiz, ofrece un panorama completo de todos los aspectos relacionados con la alimentación: desde los intereses que patrocina la industria alimentaria, una de las más importantes del mundo, a las desastrosas consecuencias de ingerir sin control carbohidratos y azúcares refinados y las claves que nos permiten elegir los alimentos más adecuados para nuestro cuerpo. Para poner en práctica esta revolucionaria manera de entender la alimentación, la segunda parte del libro ofrece un completo conjunto de recetas basadas en la Dieta Paleo, con alimentos más nutritivos y beneficiosos para nuestro organismo. Pero la propuesta de "Cambia lo que comes y cambiarás el mundo" no se detiene en la Dieta Paleo y sus principios. Este libro trata de nuestro cuerpo desde un punto de vista global. Nos recuerda la importancia del descanso, del contacto con la naturaleza, de volver a disfrutar de lo que nos rodea, de vivir de una manera responsable. En definitiva, nos plantea un cambio en nuestro estilo de vida para escuchar lo que nuestro cuerpo nos pide y actuar en consecuencia.
650 1 3 _9146880
_aNutrición óptima
650 1 3 _9161671
_aAlimentos saludables
650 1 3 _9186168
_aAlimentación saludable
650 1 3 _9186170
_aHábitos alimenticios saludables
650 1 3 _9186300
_aOptimal nutrition
650 1 3 _9161673
_aHealth foods
650 1 3 _9147888
_aNutrition
650 1 3 _9186169
_aHealthy diet
650 1 3 _9186171
_aHealthy eating habits
700 1 _9186166
_aLaguía, Octavio
_eautor
700 1 _9186167
_aMattson, Oscar
_ecolaborador
942 _2ddc
_cLibro
999 _c218315
_d218315